书目信息 |
| 题名: |
全国二胡演奏考级必靠曲目练习要点综合分析
|
|
| 作者: | 杨长安 著 | |
| 分册: | ||
| 出版信息: | 湖南 湖南文艺出版社 2000 |
|
| 页数: | 146 | |
| 开本: | 20cm | |
| 丛书名: | ||
| 单 册: | ||
| 中图分类: | J63 | |
| 科图分类: | ||
| 主题词: | 民族器乐--理论 , 民族乐器--奏法 | |
| 电子资源: | ||
| ISBN: | 7-5404-2250-5 | |
| 000 | 00619nam0 2200193 450 | |
| 001 | 0758474734 | |
| 005 | 20070817161434.73 | |
| 010 | @a7-5404-2250-5@dCNY 9.80 | |
| 100 | @a20070817d km y0chiy0120 ea | |
| 101 | 0 | @achi |
| 200 | 1 | @a全国二胡演奏考级必靠曲目练习要点综合分析@Aquan guo er hu yan zou kao ji bi kao qu mu lian xi yao dian zong he fen xi@f杨长安著@Fyang chang an zhu |
| 210 | @a湖南@c湖南文艺出版社@d2000 | |
| 215 | @a146@d20cm | |
| 606 | 0 | @a民族器乐@x理论 |
| 606 | 0 | @a民族乐器@x奏法 |
| 690 | @aJ63@v3 | |
| 701 | 0 | @a杨长安@Ayang chang an@4著 |
| 801 | 0 | @aCN@bPFT@c20070817 |
| 905 | @a213230@dJ63@eY1@f1 | |
| 全国二胡演奏考级必靠曲目练习要点综合分析/杨长安著.-湖南:湖南文艺出版社,2000 |
| 146;20cm |
| ISBN 7-5404-2250-5:CNY 9.80 |
| ● |
| 相关链接 |
|
|
|
|
正题名:全国二胡演奏考级必靠曲目练习要点综合分析
索取号:J63/Y1
 
预约/预借
| 序号 | 登录号 | 条形码 | 馆藏地/架位号 | 状态 | 备注 |
| 1 | 7400374 | 274003749 | 密集书库-音乐系/ [索取号:J63/Y1] | 在馆 | |
| 2 | 7400375 | 274003758 | 密集书库-音乐系/ [索取号:J63/Y1] | 在馆 | |
| 3 | 7400376 | 274003767 | 密集书库-音乐系/ [索取号:J63/Y1] | 在馆 |